Arte americano e independencia: nuevas iconografías: quintas jornadas de Historia del Arte
Đã lưu trong:
| Tác giả chính: | |
|---|---|
| Tác giả khác: | |
| Định dạng: | Sách |
| Ngôn ngữ: | Tiếng Tây Ban Nha |
| Được phát hành: |
Santiago, Chile
DIBAM
2010
|
| Phiên bản: | Primera edición |
| Những chủ đề: | |
| Các nhãn: |
Thêm thẻ
Không có thẻ, Là người đầu tiên thẻ bản ghi này!
|
MARC
| LEADER | 00000cam a2200000 a 4500 | ||
|---|---|---|---|
| 001 | UCE0583 | ||
| 003 | CL-VaPUC | ||
| 005 | 20240703124008.0 | ||
| 008 | 140124e20100500cl 1 spa d | ||
| 999 | |c 384753 |d 384751 | ||
| 020 | |a 9789567297085 | ||
| 040 | |c Pontificia Universidad Católica de Valparaíso | ||
| 082 | 0 | 4 | |a 709.034 GUZ 2010 |2 21 |
| 100 | 1 | |a Guzmán Schiappacasse, Fernando |e author |9 622027 | |
| 245 | 1 | 0 | |a Arte americano e independencia: |b nuevas iconografías: quintas jornadas de Historia del Arte |
| 250 | |a Primera edición | ||
| 260 | |a Santiago, Chile |b DIBAM |c 2010 | ||
| 300 | |a 157 páginas | ||
| 518 | |p Jornadas de Historia del Arte, 5, Santiago de Chile, 12, 13 y 14 de mayo 2010 | ||
| 536 | |a Universidad Adolfo Ibáñez | ||
| 546 | |a En Español | ||
| 583 | |a last modification |c 20140124 15:34:00 |k Rodrigo Vera | ||
| 650 | 0 | 0 | |a Arte americano |9 329233 |
| 650 | 0 | 0 | |a Historia del arte |9 314877 |
| 700 | |a Martínez Silva, Juan Manuel |e autor |9 572210 | ||
| 852 | |a BIBCUR | ||
| 942 | |c BK |2 ddc | ||
| 945 | |a dcastane |d 20140124 15:34:00 | ||
| 952 | |0 0 |1 0 |2 ddc |3 erb |4 0 |6 709_034000000000000_GUZ_2010 |7 0 |8 A |9 507686 |a BIBHIS |b BIBHIS |i 505320K |o 709.034 GUZ 2010 |p 505320K |r 2025-01-20 |t 1 |w 2020-01-23 |y BK |z Catalogado en:20140124 |k HIS | ||